[Event "Irwin/Haring/Denker/Barber/Rockefeller Championships 2021"]
[Site "Crowne Plaza Cherry Hill, United States"]
[Date "2021.07.31"]
[Round "1.6"]
[White "Yan, Ruiyang"]
[Black "Brown, Madison"]
[Result "1-0"]
[TimeControl "G/90;+30"]
[WhiteTitle "WCM"]
[WhiteElo "2245"]
[BlackElo "1533"]

1. e4 {[%clk 01:30:54]} {[%emt 00:00:11]} c5 {[%clk 01:30:46]} {[%emt
00:00:42]} 2. Nf3 {[%clk 01:31:17]} d6 {[%clk 01:30:46]} {[%emt 00:00:42]} 3.
d4 {[%clk 01:31:41]} cxd4 {[%clk 01:30:55]} 4. Nxd4 {[%clk 01:32:00]} {[%emt
00:00:13]} Nf6 {[%clk 01:30:56]} {[%emt 00:01:02]} 5. Nc3 {[%clk 01:32:22]} g6
{[%clk 01:31:21]} 6. Be3 {[%clk 01:32:19]} {[%emt 00:00:20]} Bg7 {[%clk
01:31:32]} {[%emt 00:00:20]} 7. f3 {[%clk 01:32:36]} O-O {[%clk 01:31:48]}
{[%emt 00:00:40]} 8. Qd2 {[%clk 01:33:01]} Nc6 {[%clk 01:31:02]} {[%emt
00:01:06]} 9. O-O-O {[%clk 01:33:17]} d5 {[%clk 01:29:19]} {[%emt 00:02:09]} 10.
exd5 {[%clk 01:33:33]} {[%emt 00:00:23]} Nxd5 {[%clk 01:28:42]} {[%emt
00:01:29]} 11. Nxc6 {[%clk 01:33:50]} Bxc3 {[%clk 01:26:03]} {[%emt 00:03:03]}
12. Qxd5 {[%clk 01:32:08]} {[%emt 00:02:15]} Qxd5 {[%clk 01:24:54]} {[%emt
00:01:39]} 13. Nxe7+ {[%clk 01:32:30]} Kh8 {[%clk 01:23:25]} {[%emt 00:02:09]}
14. Nxd5 {[%clk 01:32:49]} Ba5 {[%clk 01:21:22]} {[%emt 00:02:49]} 15. Bd4+
{[%clk 01:32:17]} {[%emt 00:01:16]} f6 {[%clk 01:20:20]} {[%emt 00:01:08]} 16.
Nxf6 {[%clk 01:31:41]} {[%emt 00:01:38]} Bb6 {[%clk 01:20:00]} {[%emt
00:00:53]} 17. Bc3 {[%clk 01:30:31]} {[%emt 00:00:55]} Rf7 {[%clk 01:16:52]}
{[%emt 00:03:38]} 18. Bc4 {[%clk 01:28:30]} {[%emt 00:02:47]} Rc7 {[%clk
01:15:01]} {[%emt 00:03:13]} 19. Ne8+ {[%clk 01:28:49]} Bd4 {[%clk 01:11:37]}
{[%emt 00:03:09]} 20. Bxd4+ {[%clk 01:29:04]} {[%emt 00:00:03]} Rg7 {[%clk
00:47:46]} {[%emt 00:24:28]} 21. Bxg7# {[%clk 01:29:25]} 1-0

[Event "Irwin/Haring/Denker/Barber/Rockefeller Championships 2021"]
[Site "Crowne Plaza Cherry Hill, United States"]
[Date "2021.07.31"]
[Round "1.7"]
[White "Wu, Ryan Boyd"]
[Black "Chasin, Nico Werner"]
[Result "0-1"]
[TimeControl "G/90;+30"]
[BlackTitle "FM"]
[WhiteElo "1788"]
[BlackElo "2411"]

1. d4 {[%clk 01:30:58]} f5 {[%clk 01:30:50]} 2. c4 {[%clk 01:31:23]} e6 {[%clk
01:31:14]} 3. Nf3 {[%clk 01:31:29]} {[%emt 00:00:04]} Nf6 {[%clk 01:31:36]}
{[%emt 00:00:07]} 4. g3 {[%clk 01:31:49]} {[%emt 00:00:10]} b6 {[%clk
01:31:52]} {[%emt 00:00:23]} 5. Bg2 {[%clk 01:32:09]} Bb7 {[%clk 01:32:11]}
{[%emt 00:00:12]} 6. O-O {[%clk 01:32:17]} {[%emt 00:00:19]} Be7 {[%clk
01:31:26]} {[%emt 00:01:17]} 7. Nc3 {[%clk 01:32:24]} {[%emt 00:00:29]} O-O
{[%clk 01:31:47]} {[%emt 00:00:12]} 8. b3 {[%clk 01:31:59]} {[%emt 00:00:47]}
d5 {[%clk 01:27:34]} {[%emt 00:05:01]} 9. Ne5 {[%clk 01:29:44]} {[%emt
00:02:38]} Nbd7 {[%clk 01:25:18]} {[%emt 00:02:34]} 10. Bg5 {[%clk 01:25:30]}
{[%emt 00:04:50]} Ne4 {[%clk 01:24:04]} {[%emt 00:01:36]} 11. Nxe4 {[%clk
01:22:19]} {[%emt 00:04:07]} fxe4 {[%clk 01:21:25]} {[%emt 00:02:58]} 12. Bxe7
{[%clk 01:21:02]} {[%emt 00:01:32]} Qxe7 {[%clk 01:21:49]} {[%emt 00:00:41]} 13.
Nxd7 {[%clk 01:18:51]} {[%emt 00:02:06]} Qxd7 {[%clk 01:17:26]} {[%emt
00:05:10]} 14. f4 {[%clk 01:18:36]} {[%emt 00:01:08]} Rfd8 {[%clk 01:03:47]}
{[%emt 00:13:43]} 15. e3 {[%clk 01:12:41]} {[%emt 00:08:21]} c5 {[%clk
01:03:22]} 16. dxc5 {[%clk 01:10:03]} {[%emt 00:02:40]} bxc5 {[%clk 01:03:35]}
17. Qc2 {[%clk 01:10:17]} Qc6 {[%clk 00:58:32]} {[%emt 00:06:05]} 18. Rfe1
{[%clk 01:08:27]} {[%emt 00:01:43]} a5 {[%clk 00:58:12]} {[%emt 00:00:48]} 19.
Rad1 {[%clk 01:04:28]} {[%emt 00:04:48]} a4 {[%clk 00:55:57]} {[%emt 00:02:34]}
20. Rd2 {[%clk 01:01:50]} {[%emt 00:03:15]} Qb6 {[%clk 00:45:04]} {[%emt
00:11:01]} 21. Rc1 {[%clk 00:58:57]} {[%emt 00:03:39]} Qb4 {[%clk 00:38:37]}
{[%emt 00:06:37]} 22. Bh3 {[%clk 00:57:53]} {[%emt 00:01:57]} d4 {[%clk
00:38:50]} 23. Bxe6+ {[%clk 00:56:15]} {[%emt 00:02:53]} Kh8 {[%clk 00:35:31]}
{[%emt 00:03:19]} 24. Rcd1 {[%clk 00:56:06]} {[%emt 00:01:01]} Rd6 {[%clk
00:27:42]} {[%emt 00:08:05]} 25. Bg4 {[%clk 00:53:51]} {[%emt 00:02:20]} Bc6
{[%clk 00:25:15]} {[%emt 00:02:59]} 26. Kf1 {[%clk 00:50:15]} {[%emt 00:04:01]}
Rb8 {[%clk 00:23:10]} {[%emt 00:02:34]} 27. exd4 {[%clk 00:49:48]} {[%emt
00:00:58]} e3 {[%clk 00:23:03]} {[%emt 00:00:59]} 28. Re2 {[%clk 00:40:57]}
{[%emt 00:09:00]} cxd4 {[%clk 00:23:24]} {[%emt 00:00:32]} 29. Qd3 {[%clk
00:39:06]} {[%emt 00:02:32]} Re8 {[%clk 00:21:34]} {[%emt 00:01:45]} 30. bxa4
{[%clk 00:30:33]} {[%emt 00:09:13]} Qc5 {[%clk 00:20:03]} {[%emt 00:02:06]} 31.
Qb3 {[%clk 00:29:17]} {[%emt 00:02:05]} h5 {[%clk 00:20:12]} 32. Bh3 {[%clk
00:28:23]} {[%emt 00:01:48]} Bf3 {[%clk 00:20:38]} 33. Bg2 {[%clk 00:27:05]}
{[%emt 00:01:13]} Bxe2+ {[%clk 00:21:05]} {[%emt 00:00:05]} 34. Kxe2 {[%clk
00:27:27]} {[%emt 00:00:40]} Rb6 {[%clk 00:21:31]} 35. Qc2 {[%clk 00:27:14]}
{[%emt 00:00:13]} Reb8 {[%clk 00:21:58]} {[%emt 00:00:45]} 36. Ke1 {[%clk
00:24:42]} {[%emt 00:02:22]} Rb2 {[%clk 00:22:19]} {[%emt 00:00:08]} 37. Qe4
{[%clk 00:25:07]} {[%emt 00:00:28]} Qb4+ {[%clk 00:22:46]} 0-1

[Event "Irwin/Haring/Denker/Barber/Rockefeller Championships 2021"]
[Site "Crowne Plaza Cherry Hill, United States"]
[Date "2021.07.31"]
[Round "1.8"]
[White "Chen, Ryo Wenyu"]
[Black "Choi, Shawn"]
[Result "1/2-1/2"]
[TimeControl "G/90;+30"]
[WhiteElo "2304"]
[BlackElo "1394"]

1. e4 {[%clk 01:30:59]} e5 {[%clk 01:30:50]} {[%emt 00:00:28]} 2. Nf3 {[%clk
01:31:22]} Nf6 {[%clk 01:31:02]} {[%emt 00:00:33]} 3. Nxe5 {[%clk 01:31:44]} d6
{[%clk 01:31:15]} {[%emt 00:00:50]} 4. Nf3 {[%clk 01:31:43]} Nxe4 {[%clk
01:31:16]} {[%emt 00:01:30]} 5. d3 {[%clk 01:32:03]} Nf6 {[%clk 01:31:19]} 6.
d4 {[%clk 01:32:32]} d5 {[%clk 01:30:39]} {[%emt 00:00:35]} 7. Bd3 {[%clk
01:32:46]} {[%emt 00:00:10]} Bd6 {[%clk 01:30:09]} {[%emt 00:01:41]} 8. O-O
{[%clk 01:33:07]} O-O {[%clk 01:30:04]} 9. Bg5 {[%clk 01:33:31]} {[%emt
00:00:10]} Bg4 {[%clk 01:29:33]} {[%emt 00:02:20]} 10. Nbd2 {[%clk 01:33:36]}
Nbd7 {[%clk 01:29:12]} 11. c3 {[%clk 01:33:12]} {[%emt 00:01:10]} c6 {[%clk
01:29:11]} {[%emt 00:00:26]} 12. Qc2 {[%clk 01:33:04]} {[%emt 00:00:31]} Qc7
{[%clk 01:24:59]} {[%emt 00:04:34]} 13. Rae1 {[%clk 01:32:52]} {[%emt
00:00:41]} Rae8 {[%clk 01:19:09]} {[%emt 00:06:57]} 14. Ne5 {[%clk 01:29:25]}
{[%emt 00:03:36]} Nxe5 {[%clk 01:13:09]} {[%emt 00:07:29]} 15. dxe5 {[%clk
01:29:49]} Bxe5 {[%clk 01:12:28]} {[%emt 00:00:08]} 16. f4 {[%clk 01:29:56]}
{[%emt 00:00:18]} Bd6 {[%clk 01:11:29]} {[%emt 00:02:05]} 17. Bxf6 {[%clk
01:29:34]} {[%emt 00:00:43]} gxf6 {[%clk 01:10:47]} {[%emt 00:00:53]} 18. Bxh7+
{[%clk 01:28:56]} {[%emt 00:01:23]} Kh8 {[%clk 01:11:01]} 19. Bf5 {[%clk
01:28:58]} {[%emt 00:00:39]} Rxe1 {[%clk 01:07:41]} {[%emt 00:03:59]} 20. Rxe1
{[%clk 01:29:14]} Bc5+ {[%clk 01:03:48]} {[%emt 00:04:55]} 21. Kh1 {[%clk
01:27:59]} {[%emt 00:01:38]} Qxf4 {[%clk 01:03:04]} {[%emt 00:00:35]} 22. Bxg4
{[%clk 01:27:20]} {[%emt 00:01:58]} Qxg4 {[%clk 00:57:24]} {[%emt 00:05:46]} 23.
Nf3 {[%clk 01:25:48]} {[%emt 00:01:46]} Rg8 {[%clk 00:53:20]} {[%emt 00:06:25]}
24. Qd2 {[%clk 01:23:19]} {[%emt 00:01:05]} Kh7 {[%clk 00:52:16]} {[%emt
00:01:51]} 25. b4 {[%clk 01:14:34]} {[%emt 00:08:59]} Bd6 {[%clk 00:52:11]}
{[%emt 00:00:35]} 26. Qf2 {[%clk 01:12:43]} {[%emt 00:02:10]} a6 {[%clk
00:46:59]} {[%emt 00:05:44]} 27. g3 {[%clk 01:10:24]} {[%emt 00:02:57]} Qh3
{[%clk 00:39:09]} {[%emt 00:08:12]} 28. Ng1 {[%clk 01:03:45]} {[%emt 00:07:29]}
Qh5 {[%clk 00:30:09]} {[%emt 00:09:55]} 29. Re3 {[%clk 01:01:56]} {[%emt
00:01:33]} Be5 {[%clk 00:28:32]} {[%emt 00:02:07]} 30. Ne2 {[%clk 01:01:06]}
{[%emt 00:01:59]} Qg4 {[%clk 00:22:06]} {[%emt 00:06:52]} 31. Kg2 {[%clk
01:00:05]} {[%emt 00:01:02]} Rg5 {[%clk 00:20:31]} {[%emt 00:02:08]} 32. h3
{[%clk 00:52:38]} {[%emt 00:08:13]} Qh5 {[%clk 00:19:54]} {[%emt 00:00:44]} 33.
Rf3 {[%clk 00:50:27]} {[%emt 00:03:01]} Qg6 {[%clk 00:16:22]} {[%emt 00:04:03]}
34. Qe3 {[%clk 00:32:37]} {[%emt 00:18:18]} Qe4 {[%clk 00:15:25]} {[%emt
00:01:31]} 35. Kf2 {[%clk 00:31:54]} {[%emt 00:01:32]} Qxe3+ {[%clk 00:14:49]}
{[%emt 00:00:46]} 36. Rxe3 {[%clk 00:31:34]} {[%emt 00:00:29]} Rg8 {[%clk
00:14:27]} {[%emt 00:01:23]} 37. Kf3 {[%clk 00:31:13]} {[%emt 00:00:15]} b6
{[%clk 00:13:24]} {[%emt 00:02:52]} 38. Rd3 {[%clk 00:27:28]} {[%emt 00:03:05]}
a5 {[%clk 00:13:03]} {[%emt 00:01:12]} 39. b5 {[%clk 00:27:19]} {[%emt
00:01:15]} cxb5 {[%clk 00:11:57]} {[%emt 00:00:30]} 40. Rxd5 {[%clk 00:27:41]}
{[%emt 00:00:37]} b4 {[%clk 00:11:21]} {[%emt 00:01:10]} 41. cxb4 {[%clk
00:27:58]} {[%emt 00:01:01]} axb4 {[%clk 00:11:10]} 42. Rb5 {[%clk 00:27:34]}
{[%emt 00:00:30]} Ra8 {[%clk 00:11:16]} {[%emt 00:02:36]} 43. Rxb4 {[%clk
00:25:40]} {[%emt 00:00:04]} Ra3+ {[%clk 00:11:14]} {[%emt 00:01:32]} 44. Rb3
{[%clk 00:25:48]} Rxa2 {[%clk 00:11:05]} 45. Rxb6 {[%clk 00:25:52]} {[%emt
00:00:49]} Ra3+ {[%clk 00:11:25]} 46. Kg4 {[%clk 00:24:17]} {[%emt 00:01:45]}
Re3 {[%clk 00:11:18]} {[%emt 00:00:37]} 47. Nf4 {[%clk 00:24:35]} {[%emt
00:00:42]} Bxf4 {[%clk 00:10:45]} {[%emt 00:00:54]} 48. Kxf4 {[%clk 00:24:55]}
Re6 {[%clk 00:11:01]} {[%emt 00:00:07]} 49. Rb4 {[%clk 00:23:44]} {[%emt
00:02:02]} Kg6 {[%clk 00:10:54]} {[%emt 00:00:28]} 50. h4 {[%clk 00:23:59]} Re1
{[%clk 00:10:23]} {[%emt 00:01:44]} 51. Rb8 {[%clk 00:23:56]} Rf1+ {[%clk
00:10:15]} {[%emt 00:00:26]} 52. Ke3 {[%clk 00:24:09]} {[%emt 00:00:49]} Kg7
{[%clk 00:10:17]} {[%emt 00:00:22]} 53. Rb2 {[%clk 00:23:59]} {[%emt 00:01:20]}
Rh1 {[%clk 00:09:58]} 54. Kf3 {[%clk 00:23:58]} {[%emt 00:00:24]} Kg6 {[%clk
00:09:57]} {[%emt 00:00:38]} 55. Kg4 {[%clk 00:23:59]} {[%emt 00:00:35]} f5+
{[%clk 00:09:55]} {[%emt 00:00:09]} 56. Kf3 {[%clk 00:24:17]} {[%emt 00:00:32]}
f6 {[%clk 00:09:51]} {[%emt 00:00:16]} 57. Rb8 {[%clk 00:24:08]} {[%emt
00:01:20]} Kg7 {[%clk 00:10:06]} 58. Re8 {[%clk 00:23:25]} {[%emt 00:01:16]}
Kf7 {[%clk 00:10:05]} {[%emt 00:00:14]} 59. Re3 {[%clk 00:23:41]} {[%emt
00:00:47]} Rh2 {[%clk 00:09:55]} 60. Kf4 {[%clk 00:22:47]} {[%emt 00:01:42]}
Rf2+ {[%clk 00:09:51]} {[%emt 00:00:36]} 61. Rf3 {[%clk 00:23:10]} Ra2 {[%clk
00:10:06]} 62. Kxf5 {[%clk 00:23:34]} {[%emt 00:00:08]} Ra5+ {[%clk 00:10:23]}
{[%emt 00:00:14]} 63. Kg4 {[%clk 00:23:51]} {[%emt 00:00:08]} Ra4+ {[%clk
00:10:32]} {[%emt 00:00:17]} 64. Kh5 {[%clk 00:23:39]} {[%emt 00:00:42]} Ra5+
{[%clk 00:10:52]} {[%emt 00:00:38]} 65. Kh6 {[%clk 00:23:56]} Ra8 {[%clk
00:11:15]} 66. Kh7 {[%clk 00:24:14]} {[%emt 00:00:09]} Ra5 {[%clk 00:11:30]}
{[%emt 00:00:34]} 67. g4 {[%clk 00:24:16]} {[%emt 00:00:18]} Ra4 {[%clk
00:11:58]} 68. Rg3 {[%clk 00:20:54]} {[%emt 00:03:40]} f5 {[%clk 00:12:01]}
{[%emt 00:00:34]} 69. Rf3 {[%clk 00:20:35]} {[%emt 00:01:08]} Rxg4 {[%clk
00:12:05]} {[%emt 00:00:07]} 70. Rxf5+ {[%clk 00:21:01]} {[%emt 00:00:17]} Ke6
{[%clk 00:12:14]} {[%emt 00:00:03]} 71. Rh5 {[%clk 00:21:18]} {[%emt 00:00:11]}
Kf7 {[%clk 00:12:20]} {[%emt 00:01:03]} 72. Rh6 {[%clk 00:21:37]} Rg7 {[%clk
00:12:29]} 1/2-1/2